00878na a2200277 450000100060000000300080000600500170001400800410003103500100007204000250008204100080010708200260011511000520014124500490019326000410024230000180028344000500030150000620035161000360041361000280044961000300047765000220050765700270052965700250055683000190058120799MIRAKIL20181213155149.0170127b tu 000 0  a20799 aMilasbturcTR-AnCHP atur aCHP 333.79bC36c 2014 aCumhuriyet Halk Partisi (CHP)bEnerji Komisyonu aCHP enerji politikasıcCHP Enerji Komisyonu aAnkarabCHP Enerji Komşsyonuc2014 a66 s.c21 sm. aCumhuriyet Halk Partisi yayınlarıpRaporlar aDış kapakta başka yapıt adı : "CHP'de enerji var!" aCHPbEnerji KomisyonuxRaporlar aCHPxProgramlaryEnerji aCHPxEnerji politikaları aEnerjizTürkiye aCHP enerji politikası aCHP enerji programı aCHP raporları